Gaming Quiz

Random Gaming or Pokémon Quiz

Pokémon by Special Attack Stat Quiz Stats

Quiz not verified by Sporcle

Also try: Overwatch Heroes
Challenge
Share
Tweet
Embed
Score 0/119 Timer 20:00
0 Plays Today
Special Attack Stat Pokémon % Correct
135Alakazam
98%
100Mew
98%
154Mewtwo
97.3%
170Kyurem (White)
97.1%
120Kyurem (Black)
97.1%
180Deoxys (Attack form)
96.6%
150Deoxys (Normal form)
96.6%
109Charizard
96.6%
130Gengar
95.9%
100Dragonite
95.9%
150Dialga
95.3%
150Kyogre
95.3%
150Palkia
95.3%
150Rayquaza
95.3%
130Kyurem
95.3%
110Ho-Oh
94.6%
100Venusaur
94.6%
150Reshiram
93.9%
120Zekrom
93.9%
109Typhlosion
93.9%
100Jirachi
93.9%
130Espeon
93.2%
120Giratina (Origin form)
93.2%
120Arceus
93.2%
100Celebi
93.2%
100Giratina (Altered form)
93.2%
145Chandelure
92.6%
135Darkrai
92.6%
129Keldeo
92.6%
125Gardevoir
92.6%
125Hydreigon
92.6%
120Shaymin (Sky form)
92.6%
120Genesect
92.6%
110Jolteon
92.6%
110Salamence
92.6%
100Shaymin (Land form)
92.6%
105Landorus (Therian form)
92.2%
130Glaceon
91.9%
128Meloetta (Aria form)
91.9%
100Groudon
91.9%
Special Attack Stat Pokémon % Correct
110Tornadus (Therian form)
91.3%
145Thundurus (Therian form)
91.3%
125Azelf
91.2%
115Raikou
91.2%
120Kadabra
90.5%
110Vaporeon
90.5%
108Samurott
90.5%
125Zapdos
89.9%
125Moltres
89.9%
125Reuniclus
89.9%
115Lucario
89.9%
100Manaphy
89.9%
130Latios
89.2%
130Heatran
89.2%
115Haunter
89.2%
111Empoleon
89.2%
110Latias
89.2%
105Abra
89.2%
105Mesprit
89.2%
100Regice
89.2%
125Tornadus (Incarnate form)
88.5%
125Thundurus (Incarnate form)
88.5%
115Jynx
88.5%
115Landorus (Incarnate form)
88.5%
104Infernape
88.5%
135Porygon-Z
87.8%
130Magnezone
87.8%
116Yanmega
87.8%
105Mismagius
87.8%
125Magmortar
87.2%
105Porygon2
86.5%
100Vileplume
86.5%
100Gastly
86.5%
100Starmie
86.5%
100Victini
86.5%
120Magneton
85.8%
110Blaziken
85.8%
105Sceptile
85.8%
100Slowking
85.8%
100Magmar
85.1%
Special Attack Stat Pokémon % Correct
100Slowbro
84.5%
125Duosion
83.8%
100Arcanine
83.8%
100Emboar
83.8%
125Exeggutor
83.1%
110Tangrowth
82.4%
107Musharna
82.4%
100Milotic
82.4%
125Roserade
81.8%
105Rotom (Appliance forms)
81.8%
100Mr. Mime
81.8%
135Volcarona
81.1%
120Togekiss
81.1%
140Darmanitan (Zen mode)
79.7%
112Archeops
79.7%
115Omastar
79.1%
115Ampharos
79.1%
110Houndoom
79.1%
105Camerupt
79.1%
110Vanilluxe
77%
105Manectric
77%
100Victreebel
76.4%
125Beheeyem
75%
105Eelektross
75%
114Gorebyss
74.3%
105Solosis
74.3%
100Tangela
74.3%
103Sigilyph
73.6%
100Roselia
73.6%
105Octillery
72.3%
105Honchkrow
72.3%
110Lilligant
71.6%
120Zoroark
70.9%
105Heatmor
69.6%
115Cacturne
68.9%
100Accelgor
66.9%
105Sunflora
62.8%
100Seviper
61.5%
106Maractus
60.8%

You're not logged in!

Compare scores with friends on all Sporcle quizzes.
Sign Up with Email
OR
Log In

You Might Also Like...

Show Comments

Extras

Top Quizzes Today


Score Distribution

Your Account Isn't Verified!

In order to create a playlist on Sporcle, you need to verify the email address you used during registration. Go to your Sporcle Settings to finish the process.